| 000 | 00512nam a2200169 4500 | ||
|---|---|---|---|
| 001 | 143070 | ||
| 003 | ES-MaACL | ||
| 005 | 20230906200719.0 | ||
| 007 | t| | ||
| 008 | 070214s1968 sp r ||||1| spa d | ||
| 100 | 1 |
_aSellings, Arthur. _9105338 |
|
| 245 | 1 | 0 |
_aTelépata / _cArthur Sellings ; traducción de Jesús Roldán de la Torre. |
| 260 |
_aBarcelona : _bGeminis, _c1968. |
||
| 300 |
_a279 p. : _bil. ; _c18 cm. |
||
| 700 | 1 |
_aRoldán de la Torre, Jesús. _999147 |
|
| 852 |
_aES-MaACL _jC-34883 _bR.66978 |
||
| 999 |
_c143070 _d143070 |
||